[Event "Larsen Nordjyske Memorial"]
[Site "Aalborg"]
[Date "2012.10.15"]
[Round "1"]
[White "Sorensen, Bent"]
[Black "Dueckstein, Andreas"]
[Result "1/2-1/2"]
[WhiteElo "2310"]
[BlackElo "2208"]
[PlyCount "89"]
[EventDate "2012.10.15"]
[EventType "swiss"]
[EventRounds "7"]
[EventCountry "DEN"]
[SourceTitle "EXT 2013"]
[Source "ChessBase"]
[SourceDate "2012.11.22"]

1. Nf3 Nc6 2. d4 d5 3. c4 Bg4 4. cxd5 Bxf3 5. gxf3 Qxd5 6. e3 e5 7. Nc3 Bb4 8.
Bd2 Bxc3 9. bxc3 exd4 10. cxd4 Nge7 11. Bg2 O-O 12. O-O Ng6 13. f4 Qd6 14. Qh5
Nge7 15. Rab1 Nd8 16. Bb4 Qd7 17. Bxe7 Qxe7 18. Bxb7 Nxb7 19. Rxb7 Rfb8 20. Qd5
Rd8 21. Qf3 a5 22. Rc1 Rac8 23. Rc5 a4 24. Qc6 Qh4 25. Rg5 h6 26. Rg3 Qh5 27.
Qf6 g6 28. f5 Rd6 29. Qe5 g5 30. f6 Qd1+ 31. Kg2 Qc2 32. d5 Qg6 33. Rf3 Rcd8
34. e4 c6 35. Rb8 Rxb8 36. Qxd6 Rb2 37. Qe5 Re2 38. dxc6 Rxe4 39. Qb8+ Kh7 40.
c7 Rg4+ 41. Kf1 Qc2 42. Rg3 Qc1+ 43. Ke2 Qc2+ 44. Kf1 Qc1+ 45. Ke2 1/2-1/2

[Event "Larsen Nordjyske Memorial"]
[Site "Aalborg"]
[Date "2012.10.19"]
[Round "5"]
[White "Sorensen, Bent"]
[Black "Akvist, Hakan"]
[Result "0-1"]
[WhiteElo "2310"]
[BlackElo "2122"]
[PlyCount "76"]
[EventDate "2012.10.15"]
[EventType "swiss"]
[EventRounds "7"]
[EventCountry "DEN"]
[SourceTitle "EXT 2013"]
[Source "ChessBase"]
[SourceDate "2012.11.22"]

1. Nf3 Nf6 2. g3 c5 3. Bg2 Nc6 4. c4 e5 5. O-O g6 6. e3 d6 7. d4 Bg4 8. Qa4 Bd7
9. dxc5 dxc5 10. Nc3 Bg7 11. Qc2 O-O 12. Rd1 Qe8 13. a3 Rd8 14. Nd5 Bf5 15. Qb3
Na5 16. Qc3 Nxd5 17. Rxd5 Qa4 18. Ne1 Nb3 19. e4 Rxd5 20. cxd5 Bxe4 21. Bxe4
Nxa1 22. b4 Nb3 23. Bg5 Nd4 24. Kg2 cxb4 25. axb4 f5 26. Bb1 Qd7 27. Ba2 Rc8
28. Qa3 h6 29. Be3 a6 30. Nd3 Kh7 31. Nc5 Qb5 32. Bxd4 exd4 33. d6 Qc6+ 34. Qf3
Qxd6 35. Qxb7 Qc6+ 36. Bd5 Qxb7 37. Bxb7 Rb8 38. Kf3 Bf8 0-1

[Event "Larsen Nordjyske Memorial"]
[Site "Aalborg"]
[Date "2012.10.16"]
[Round "2"]
[White "Uhlmann, Wolfgang"]
[Black "Nielsen, John Bauneborg"]
[Result "1-0"]
[WhiteElo "2325"]
[BlackElo "2155"]
[PlyCount "65"]
[EventDate "2012.10.15"]
[EventType "swiss"]
[EventRounds "7"]
[EventCountry "DEN"]
[SourceTitle "EXT 2013"]
[Source "ChessBase"]
[SourceDate "2012.11.22"]

1. c4 g6 2. e4 Bg7 3. d4 c5 4. Nf3 d6 5. Nc3 Bg4 6. d5 Nf6 7. Be2 O-O 8. O-O
Na6 9. Be3 Nc7 10. Nd2 Bxe2 11. Qxe2 Re8 12. a4 e6 13. Rfe1 e5 14. h3 a5 15.
Nf1 Na6 16. Ng3 Nb4 17. Rad1 Qe7 18. Nb5 Rad8 19. f4 Bh6 20. Qf2 Nd7 21. f5
Bxe3 22. Rxe3 Nb6 23. f6 Qf8 24. b3 Rd7 25. Nf1 h5 26. g4 Qh6 27. Rg3 h4 28.
Rc3 Kh7 29. Nh2 Rh8 30. Nf3 Kg8 31. g5 Qh7 32. Kh2 Kf8 33. Nxd6 1-0

[Event "Larsen Nordjyske Memorial"]
[Site "Aalborg"]
[Date "2012.10.19"]
[Round "5"]
[White "Uhlmann, Wolfgang"]
[Black "Jorgensen, Jorgen"]
[Result "1/2-1/2"]
[WhiteElo "2325"]
[BlackElo "2184"]
[PlyCount "102"]
[EventDate "2012.10.15"]
[EventType "swiss"]
[EventRounds "7"]
[EventCountry "DEN"]
[SourceTitle "EXT 2013"]
[Source "ChessBase"]
[SourceDate "2012.11.22"]

1. c4 f5 2. g3 Nf6 3. b3 g6 4. Bb2 Bg7 5. d4 d6 6. Nd2 O-O 7. d5 Na6 8. Bg2 Bd7
9. Nh3 Nc5 10. O-O a5 11. Nf4 c6 12. Qc2 Qc7 13. Rac1 Rae8 14. Rfd1 e5 15. dxe6
Bxe6 16. Nf3 Nce4 17. h4 Bf7 18. Ng5 Nc5 19. h5 Nxh5 20. Nxh5 Bxb2 21. Qxb2
gxh5 22. Nxf7 Rxf7 23. Qd2 Rg7 24. Qf4 Rxe2 25. Bf3 Re5 26. Bxh5 Qe7 27. Bf3
Rg6 28. Qd2 Ne4 29. Qf4 h6 30. Rc2 Qg5 31. Qxg5 hxg5 32. Re2 g4 33. Bxe4 Rxe4
34. Red2 Ree6 35. a3 Kf7 36. b4 axb4 37. axb4 Ke7 38. b5 Re5 39. bxc6 bxc6 40.
Rb1 Rge6 41. Rb7+ Kf6 42. Rd7 Re4 43. R7xd6 Rxc4 44. Rd8 Re1+ 45. Kg2 Rcc1 46.
f4 gxf3+ 47. Kxf3 Rf1+ 48. Kg2 Rg1+ 49. Kf2 Rcf1+ 50. Ke2 Re1+ 51. Kf2 Ke5
1/2-1/2

[Event "Larsen Nordjyske Memorial"]
[Site "Aalborg"]
[Date "2012.10.18"]
[Round "4"]
[White "Willumsen, Henrik"]
[Black "Malmdin, Nils Ake"]
[Result "1-0"]
[WhiteElo "2150"]
[BlackElo "2299"]
[PlyCount "122"]
[EventDate "2012.10.15"]
[EventType "swiss"]
[EventRounds "7"]
[EventCountry "DEN"]
[SourceTitle "EXT 2013"]
[Source "ChessBase"]
[SourceDate "2012.11.22"]

1. e4 e5 2. Nf3 Nc6 3. Bb5 a6 4. Ba4 Nf6 5. O-O b5 6. Bb3 Bb7 7. Nc3 Bc5 8. d3
d6 9. a4 b4 10. Ne2 h6 11. a5 O-O 12. Ng3 Ne7 13. Nh4 d5 14. Qf3 Ng6 15. Nhf5
Re8 16. Be3 Bf8 17. h4 c5 18. Ba4 Re6 19. h5 Nf4 20. Bxf4 exf4 21. Qxf4 dxe4
22. dxe4 Nxe4 23. Rad1 Qb8 24. Qxb8 Rxb8 25. Bb3 Nxg3 26. fxg3 Rf6 27. Rd7 c4
28. Bxc4 Bc5+ 29. Kh2 Be4 30. Rxf7 Rxf7 31. Bxf7+ Kxf7 32. Nd6+ Ke6 33. Nxe4
Bd4 34. c3 bxc3 35. bxc3 Be5 36. Nc5+ Kd6 37. Nxa6 Ra8 38. Rd1+ Ke7 39. Nb4 Kf6
40. a6 Ke6 41. c4 Bd6 42. Nd5 Rxa6 43. c5 Be5 44. Nf4+ Kf6 45. Kh3 Kf5 46. Ng6
Bf6 47. Re1 Bd8 48. Re8 Bc7 49. Ne7+ Ke6 50. Ng6+ Kf6 51. Rc8 Rc6 52. Nf4 Ke5
53. Re8+ Kf5 54. Nd3 Kf6 55. g4 Re6 56. Rxe6+ Kxe6 57. g5 Kd5 58. Kg4 Kc4 59.
Nf4 Be5 60. c6 Kc5 61. Nd3+ Kd5 1-0